LEADER 01341cam0-22004931i-450- 001 990003757410403321 005 20161012121833.0 010 $a88-15-00332-0 035 $a000375741 035 $aFED01000375741 035 $a(Aleph)000375741FED01 035 $a000375741 100 $a20030910d1984----km-y0itay50------ba 101 0 $aita 102 $aIT 105 $ay-------001yy 200 1 $aFondamenti di statistica descrittiva$fGiampiero Landenna 210 $aBologna$cil Mulino$dc1984 215 $a367 p.$d22 cm 225 1 $a<>nuova scienza$iSerie di scienze sociali 610 0 $aStatistica descrittiva$aManuali 610 0 $aStatistica$aMetodi matematici 676 $a519.53 676 $a310 700 1$aLandenna,$bGiampiero$09532 801 0$aIT$bUNINA$gRICA$2UNIMARC 901 $aBK 912 $a990003757410403321 952 $a781$fBFS 952 $aXV I 142$b317$fDTE 952 $aVI E 273$b3083$fFSPBC 952 $aB/3.1 LAN$b1990$fSES 952 $aIII-A-8$b1467$fMAS 952 $aLAN519.53A$b6469A$fDECBC 952 $aLAN519.53B$b6469B$fDECBC 952 $aLAN519.53C$b6469C$fDECBC 959 $aBFS 959 $aDTE 959 $aFSPBC 959 $aSES 959 $aMAS 959 $aDECBC 996 $aFondamenti di statistica descrittiva$946936 997 $aUNINA LEADER 02591oam 2200589 c 450 001 9910563066103321 005 20240525094506.0 024 7 $a10.3726/b12306 035 $a(CKB)4340000000238830 035 $a(oapen)https://directory.doabooks.org/handle/20.500.12854/27745 035 $a(PH02)9783954791644 035 $a(oapen)doab27745 035 $a(EXLCZ)994340000000238830 100 $a20240525d1992 uy 0 101 0 $ager 135 $aurnnunnnannuu 181 $ctxt$2rdacontent 182 $cc$2rdamedia 183 $acr$2rdacarrier 200 10$aFarbe, Licht und Glanz als dichterische Ausdrucksmittel in der Lyrik Ivan Bunins$fSilke Klo?ver 205 $a1st, New ed. 210 $aFrankfurt a.M$cPH02$d1992 215 $a1 online resource (264 p.)$c, EPDF 225 0 $aSlavistische Beitra?ge$v286 300 $aPeter Lang GmbH, Internationaler Verlag der Wissenschaften 311 08$a3-95479-164-1 327 $aZur Quellenlage - Siebzig Jahre sowjetischer Bininforschung: ein U?berblick - Ivan Bunin: Leben und Werk - Die Sensibilisierung des Sehens - Die Farbenwelt Ivan Bunins - Hell und Dunkel - Die Glanzwo?rter 330 $aU?ber den Einsatz von Farb-, Licht- und Glanzwo?rtern bei anderen Dichtern der russischen Moderne wie z. B. Aleksandr Blok, Andrej Belyj oder Maksimilian Volos?in liegen bereits Untersuchungen vor. Eine systematische Analyse dieser Wortschatzbereiche ist fu?r das Werk Bunins erst ansatzweise erstellt worden. Worin besteht nun die Originalita?t der Prosa? Wo liegen Gemeinsamkeiten mit der Lyrik? Wie groß sind die Parallelen in der Entwicklung von Lyrik und Prosa? Die buninschen Fa?rb-, Glanz- und Helligkeitswo?rter sollen (...) im folgenden als Instrumentarium zur Kla?rung dieser Frage dienen. 606 $aLiterature & literary studies$2bicssc 610 $aAusdrucksmit 610 $aAusdrucksmittel 610 $aBunins 610 $adichterische 610 $aFarbe 610 $aGlanz 610 $aIvan 610 $aKlöver 610 $aLicht 610 $aLyrik 610 $arussiche Exilliteratur 610 $arussiche Lyrik 610 $asowjetische Literatur 610 $asowjetische Literaturkritik 610 $aVerhältnisse zwischen Lyrik und Prosa 615 7$aLiterature & literary studies 700 $aKlo?ver$b Silke$4aut$01288414 801 0$bPH02 801 1$bPH02 906 $aBOOK 912 $a9910563066103321 996 $aFarbe, Licht und Glanz als dichterische Ausdrucksmittel in der Lyrik Ivan Bunins$93020835 997 $aUNINA